Foot and mouth disease : Current perspective

Zapisane w:
Opis bibliograficzny
Format: Książka
Język:Undetermined
Wydane: Norfolk, England Horizon Biocience 2004
Hasła przedmiotowe:
Etykiety: Dodaj etykietę
Nie ma etykietki, Dołącz pierwszą etykiete!
Thư viện lưu trữ: Trung tâm Học liệu Trường Đại học Cần Thơ
LEADER 00575nam a2200193Ia 4500
001 CTU_117971
008 210402s9999 xx 000 0 und d
020 |c 191.81 
082 |a 636.089458 
082 |b F687 
245 0 |a Foot and mouth disease : 
245 0 |b Current perspective 
245 0 |c Edfited by Francisco Sobrino and Esteban Domingo 
260 |a Norfolk, England 
260 |b Horizon Biocience 
260 |c 2004 
650 |a foot-and-mouth disease,foot-and-mouth disease virus 
904 |i Minh 
980 |a Trung tâm Học liệu Trường Đại học Cần Thơ